000 00689nam a22001815i 4500
001 158547
003 ES-MaACL
005 20250805062613.0
008 040901s1891 it d |||| | ita d
040 _aCAM
_bspa
_cCAM
100 1 _aMajorana, Angelo.
_975653
245 1 2 _aI primi principii della sociologia
_b: libri VI /
_cdi Angelo Majorana.
260 _aRoma ;
_aFirenze ;
_aTorino :
_bErmanno Loescher & C.,
_c1891 (
_eCatania :
_ftip. Francesco Galati)
300 _a154 p., [1] h. gráf. ;
_c20 cm.
650 7 _aSociología
_2embne
_917195
852 _aES-MaACL
_jT-875-F-1
_z-- Enc. hol., conservando la cub. original
_z-- Enc. en un vol. facticio
999 _c158547
_d158547